Phương pháp hủy cặp Positron trong phân tích độ rỗng vật liệu và những kết quả nghiên cứu ứng dụng tại trung tâm hạt nhân thành phố Hồ Chí Minh /
Bewaard in:
| Hoofdauteur: | |
|---|---|
| Andere auteurs: | , , |
| Formaat: | Artikel |
| Taal: | Vietnamese |
| Tags: |
Voeg label toe
Geen labels, Wees de eerste die dit record labelt!
|
| Thư viện lưu trữ: | Thư viện Trường Đại học Đà Lạt |
|---|
| LEADER | 00998nam a2200265 4500 | ||
|---|---|---|---|
| 001 | DLU120142239 | ||
| 005 | ##20121010 | ||
| 040 | # | # | |a DLU |b vie |
| 041 | # | # | |a vie |
| 044 | # | # | |a vn |
| 100 | # | # | |a Lưu Anh Tuyên. |
| 245 | # | # | |a Phương pháp hủy cặp Positron trong phân tích độ rỗng vật liệu và những kết quả nghiên cứu ứng dụng tại trung tâm hạt nhân thành phố Hồ Chí Minh / |c Lưu Anh Tuyên... [và những người khác]. |
| 700 | # | # | |a Lỗ Thái Sơn |
| 700 | # | # | |a Nguyễn Đức Thành. |
| 700 | # | # | |a Trần Quốc Dũng |
| 773 | # | # | |t Tuyển tập báo cáo: Hội nghị khoa học và công nghệ hạt nhân toàn quốc lần thứ VII |g 2008, tr. 272-276 |
| 920 | # | # | |a Phòng Tạp chí -- Trung tâm Thông tin - Thư viện Trường Đại học Đà Lạt |
| 994 | # | # | |a DLU |
| 900 | # | # | |a True |
| 911 | # | # | |a Nguyễn Thị Mai Anh |
| 925 | # | # | |a G |
| 926 | # | # | |a A |
| 927 | # | # | |a BB |
| 980 | # | # | |a Thư viện Trường Đại học Đà Lạt |